000 00573nam a2200169 i 4500
001 88367
003 ES-MaACL
005 20250915063037.0
007 t|
008 050104s1954 sp ||||1| spa d
100 1 _aLaguna Serrano, Ciriaco,
_d1905-1991
_969630
245 1 0 _aLecciones de pediatría explicadas durante el curso académico 1952-53 /
_cCiriaco Laguna Serrano.
260 _aMadrid :
_bCientífico Médica Española,
_c1954 (
_fJosé Luis Cosano)
300 _aVI, 590 p. ;
_c25 cm.
852 _aES-MaACL
_jC-8294
_bR.36457
999 _c88367
_d88367